Entrada Personal Name
Número de registros utilizados en: 1
001 - CONTROL NUMBER
- control field: 17323
003 - CONTROL NUMBER IDENTIFIER
- control field: DLC
005 - DATE AND TIME OF LATEST TRANSACTION
- control field: 20250714131107.0
008 - FIXED-LENGTH DATA ELEMENTS
- fixed length control field: 141216n| azannaabn |a aaa c
010 ## - LIBRARY OF CONGRESS CONTROL NUMBER
- LC control number: no2014165737
035 ## - SYSTEM CONTROL NUMBER
- System control number: (OCoLC)oca10042389
035 ## - SYSTEM CONTROL NUMBER
- System control number: (CaEvSKY)skya10660759
040 ## - CATALOGING SOURCE
- Original cataloging agency: PE-LiPUB
- Language of cataloging: spa
- Transcribing agency: Mx-PuUPA
- Description conventions: rda
- Modifying agency: MX-MxITA
- Modifying agency: MX-MxITA
- Modifying agency: DLC
- Modifying agency: Mx-PuUPA
100 1# - HEADING--PERSONAL NAME
- Personal name: Ímaz Gispert, Mireya A.,
370 ## - ASSOCIATED PLACE
- Other associated place: Ciudad de México (México)
- Source of term: naf
371 ## - ADDRESS
- Electronic mail address: mimaz@unam.mx
372 ## - FIELD OF ACTIVITY
- Field of activity: Ciencias ambientales
- Source of term: lcsh
373 ## - ASSOCIATED GROUP
- Associated group: Universidad Nacional Autónoma de México
- Source of term: naf
374 ## - OCCUPATION
- Occupation: Coordinadora
375 ## - GENDER
- Gender: mujer
377 ## - ASSOCIATED LANGUAGE
- Language code: spa
378 ## - FULLER FORM OF PERSONAL NAME
- Fuller form of personal name: Mireya Atzala
400 1# - SEE FROM TRACING--PERSONAL NAME
- Personal name: Gispert, Mireya A. Ímaz
400 1# - SEE FROM TRACING--PERSONAL NAME
- Personal name: Ímaz Gispert, Mireya Atzala
400 1# - SEE FROM TRACING--PERSONAL NAME
- Personal name: Gispert, Mireya Atzala Ímaz
400 1# - SEE FROM TRACING--PERSONAL NAME
- Personal name: Ímaz, Mireya
670 ## - SOURCE DATA FOUND
- Source citation: Medio ambiente, 2013 :
- Information found: cover (Mireya A. Ímaz Gispert)
670 ## - SOURCE DATA FOUND
- Source citation: La dimensión ambiental en los albores del siglo XXI, 2015:
- Information found: title page (coordinadora Mireya Atzala Ímaz Gispert)
670 ## - SOURCE DATA FOUND
- Source citation: Cambio climático, miradas de género, 2014:
- Information found: cover (Mireya Ímaz) p. 249-250 (Mireya Ímaz Gispert; biologist degree and M.S. in ecology and environmental sciences from Univ. Nac. Aut. de México; coordinator of the Programa Universitario de Medio Ambiente, UNAM; electronic mail: mimaz@unam.mx)